000 00819cam a2200229 a 4500
008 000301s1999 enkab b 001 0 eng
020 _a1841420026 (hardback)
020 _a1857289455 (paperback)
050 0 0 _aTN194.68
_b.G53 1999
082 0 0 _a333.7/14/0941
100 1 _aGlasson, John,
245 1 0 _aIntroduction to environmental impact assessment :
_bprinciples and procedures, process, practice, and prospects /
_cJohn Glasson, Riki Therivel, Andrew Chadwick.
250 _a2nd ed.
260 _aLondon ;
_aPhiladelphia :
_bUCL Press,
_c1999.
300 _axix, 496 p. :
_bill., maps ;
440 4 _aThe natural and built environment series
650 0 _aEnvironmental impact analysis
650 0 _aEnvironmental impact analysis.
700 1 _aTherivel, Riki,
700 1 _aChadwick, Andrew,
942 _cBK
999 _c3712
_d3712